Cómo utilizar la tipografía /

Introducción teórico-práctica a la utilización de tipos de letra para el diseño gráfico y digital, que va desde la selección y combinación de familias tipográficas hasta la experimentación tridimensional y de imagen.

Сохранить в:
Библиографические подробности
Главный автор: Marshall, Lindsey (autor)
Другие авторы: Meachem, Lester (autor) (autor)
Формат:
Язык:испанский
Опубликовано: Barcelona, España : Blume, 2012, c2012
Предметы:
Метки: Добавить метку
Нет меток, Требуется 1-ая метка записи!

MARC

LEADER 00000nam^a2200000^a^4500
001 000390354
005 20250521000000.0
009 20260310121146.315
020 |a 978-84-9801-632-1 
037 |a Acervo ITESO - Biblioteca 
041 |a ESP 
082 |a 686. 225  |b MAR 
100 |a Marshall, Lindsey  |e (autor) 
245 1 0 |a Cómo utilizar la tipografía /  |c L. Marshall, L. Meachem ; tr. por Pere Fradera Barceló. 
264 4 |a Barcelona, España :  |b Blume,  |c 2012, c2012 
300 |a 208 p. 
336 |a texto  |b txt  |2 rdacontenido 
337 |a sin mediación  |b n  |2 rdamedio 
338 |a volumen  |b nc  |2 rdasoporte 
500 |a Traducción de: How to Use Type 
520 |a Introducción teórico-práctica a la utilización de tipos de letra para el diseño gráfico y digital, que va desde la selección y combinación de familias tipográficas hasta la experimentación tridimensional y de imagen. 
521 |a 2017 BO Licenciatura en Diseño de Indumentaria y Moda 
649 |a XX 
650 |a Tipos de Letra 
650 |a Diseño Tipográfico -  |x Tema Principal 
650 |a Composición Tipográfica -  |x Tema Principal 
650 |a Tipografía 
650 |a Diseño Gráfico -  |x Técnica 
650 |a Diseño Gráfico -  |x Aspectos Tecnológicos 
650 |a Diseño Gráfico 
650 |a Diseño -  |x Técnica 
650 |a Diseño 
700 |a Meachem, Lester  |e (autor) 
910 |a Fondo General 
920 |a Impresos - Libros 
930 |a Colección General 
905 |a 101 
901 |a 0500284893  |b IT1  |c ACC  |i C154244  |u 20250521 
901 |a 0500284890  |b IT1  |c ACC  |i C154246  |u 20250521 
901 |a 0500284887  |b IT1  |c ACC  |i C154245  |u 20250521 
902 |a https://opac.biblio.iteso.mx/vufind/Record/000390354